Famous Bunnies Quiz Stats

 Plays Quiz Updated Sep 20, 2018

Score 0/20 Timer 06:00
2 Plays Today
Clue Bunny % Correct
'Whats up doc?'Bugs Bunny
97.6%
Hides eggs on a SundayThe Easter Bunny
97.3%
'Who framed __?'Roger Rabbit
90%
'__ are for kids, silly __'Trix Rabbit
79%
He keeps going and going and goingEnergizer Bunny
78.8%
Friend of BambiThumper
72.9%
Knows Winnie the PoohRabbit
62%
'Here comes__ hopping down the bunny trail'Peter Cottontail
61.3%
Created by Beatrix PotterPeter Rabbit
56.5%
Female Loony ToonLola Bunny
48.1%
Clue Bunny % Correct
He's late for a very important dateThe White Rabbit
47.3%
Chocolate company mascot that clucksCadbury Bunny
31.8%
Margery William beloved children's bookVelveteen Rabbit
31.1%
Chocolate Milk SpokesmanNesquik Bunny
30.6%
Field mice tormentor of nursery rhymeLittle Bunny Foo Foo
29.6%
Arthur's postcard sending friendBuster
25.8%
Trickster rabbit from the Uncle Remus storiesBr'er Rabbit
23.8%
Part vampire, from book seriesBunnicula
23.5%
Pooka from eponymous movieHarvey
5.5%
Member of Star Fox teamPeppy Hare
4.8%

You're not logged in!

Compare scores with friends on all Sporcle quizzes.
OR
Log In

Sporcle TV

Today on Sporcle TV


Watch our educational content, quiz creation guides, and fun videos on Sporcle TV.

Show Comments

Extras

Top Quizzes Today


Score Distribution

Your Account Isn't Verified!

In order to create a playlist on Sporcle, you need to verify the email address you used during registration. Go to your Sporcle Settings to finish the process.

Report this User

Report this user for behavior that violates our Community Guidelines.

Details: